Marvel Characters as Manatees (Fan Art) - Statistics

General Stats
  • This quiz has been taken 24 times
  • The average score is 13 of 14
Answer Stats
Picture Answer % Correct
Black Widow
100%
Captain America
100%
Hawkeye
100%
Hulk
100%
Iron Man
100%
Spider-Man
100%
Thor
100%
Wolverine
100%
Cyclops
94%
Storm
94%
Nightcrawler
83%
Phoenix
83%
Angel
78%
Colossus
78%
No matching quizzes found
Score Distribution
Percent of People with Each Score
Percentile by Number Answered
Your Score History
You have not taken this quiz